Medagliere Pattinaggio di velocità ai Giochi Olimpici - Statistics

Statistiche generali
  • Questo quiz è stato fatto 17 volte
  • Il punteggio medio è 13 su 15
Statistiche sulle risposte
Medaglie complessive Medaglie d'Oro Medaglie d'Argento Medaglie di Bronzo Rappresentativa olimpica % Corretto
42 10 16 16 Canada
100%
7 2 1 4 Italia
100%
71 30 22 19 Stati Uniti
100%
24 7 8 9 Finlandia
94%
38 13 15 10 Germania
94%
26 5 10 11 Giappone
94%
87 28 29 30 Norvegia
94%
13 3 5 5 Russia
94%
18 9 4 5 Svezia
94%
9 2 3 4 Cina
81%
60 24 17 19 Unione Sovietica
81%
29 8 12 9 Germania Est
75%
133 48 44 41 Paesi Bassi
75%
20 5 13 5 Corea del Sud
56%
8 3 2 3 Repubblica Ceca
50%
Nessun quiz corrispondente trovato
Distribuzione punteggi
Percentuale di utenti per punteggio
Percentile per numero di risposta
I tuoi punteggi nel tempo
Non hai fatto questo quiz